000 00495nam a2200181Ia 4500
005 20250326143153.0
008 250326s9999 xx 000 0 und d
037 _aTextbook
040 _aFMSL
_beng
_cFMSL
041 _aeng
_2eng
084 _aX.1 P3
_qFMSL
100 _aKragh S K
_9747295
245 0 _aInternational economics
_cKragh S K
260 _aDenmark
_bDenmark, Copenhagen Business School
_c2003
300 _a413p
942 _cTB
_hX.1 P3
999 _c1298430
_d1298430